Words of the Year Quiz Stats

 Plays Quiz Updated Jan 21, 2019

Support Sporcle.
Go Orange.
Score 0/31 Timer 05:00
0 Plays Today
Year Word % Correct
20019-11
80.3%
1998e-
78.8%
1996Mom
77.3%
2008Bailout
74.9%
2003Metrosexual
73.6%
2012Hashtag
73.4%
1999Y2K
68.9%
2014#blacklivesmatter
65.5%
2002Weapons of mass destruction
56.6%
1995 (tie)World Wide Web
54.3%
2015They
52.4%
2000Chad
48.2%
2011Occupy
40.3%
2006Plutoed
36.3%
2017Fake News
33.6%
1994 (tie)Morph
29.7%
Year Word % Correct
2007Subprime
28.5%
2005Truthiness
26%
2004Red state, Blue state, Purple state
18%
2009Tweet
17.7%
1992Not!
13.6%
1997Millennium bug
11.6%
2016Dumpster Fire
9.5%
1991Mother of all
7.7%
1994 (tie)Cyber
7.7%
2010App
7.5%
2013Because
4.6%
1993Information superhighway
4.6%
2018Tender-age shelter
3.9%
1990Bushlips
1.8%
1995 (tie)Newt
1.7%

From the Vault

Follow That Line: Stranger Things

by jakethegoldfish

On a scale of 1-10, we give this quiz an Eleven.
Remove Ads.
Support Sporcle.
Get the best of Sporcle when you Go Orange. This ad-free experience offers more features, more stats, and more fun while also helping to support Sporcle. Thank you for becoming a member.

Show Comments

Extras

Top Quizzes Today


Score Distribution

Your Account Isn't Verified!

In order to create a playlist on Sporcle, you need to verify the email address you used during registration. Go to your Sporcle Settings to finish the process.

Report this User

Report this user for behavior that violates our Community Guidelines.

Details: